000
00309nam a2200121 a 4500
001
000002459
005
20200929150209.0
008
090702s1996 000 spa d
020
_a
8489384665
245
3
_a
La flor de la marvilla : juegos romances retahÃlas.
260
_a
Madrid,
_c
1996.
999
_c
2295
_d
2295
040
_a
DO-SdBNP